[Event "Kiev GP Anfield final"]
[Site "Kiev"]
[Date "2023.04.02"]
[Round "6"]
[White "Sidorika, Vladislav"]
[Black "Brodsky, Michail"]
[Result "1/2-1/2"]
[WhiteElo "2278"]
[BlackElo "2524"]
[PlyCount "20"]
[EventDate "2023.04.01"]
[EventType "swiss (rapid)"]
[EventRounds "11"]
[EventCountry "UKR"]
[SourceTitle "CBM 213 Extra"]
[Source "ChessBase"]
[SourceDate "2023.05.31"]
[SourceVersion "1"]
[SourceVersionDate "2023.05.31"]
[SourceQuality "1"]

1. c4 e6 2. g3 d5 3. Bg2 Nf6 4. Nf3 Be7 5. 0-0 0-0 6. b3 d4 7. e3 c5 8. exd4 cxd4 9. d3 Nc6 10. Re1 Re8 1/2-1/2

[Event "BL2-West 1920"]
[Site "Germany"]
[Date "2021.08.08"]
[Round "9.1"]
[White "Cyborowski, Lukasz"]
[Black "Brodsky, Michail"]
[Result "1/2-1/2"]
[WhiteElo "2517"]
[BlackElo "2524"]
[PlyCount "29"]
[EventDate "2019.09.19"]
[EventType "team-tourn"]
[EventRounds "9"]
[EventCountry "GER"]
[SourceTitle "EXT 2023"]
[Source "ChessBase"]
[SourceDate "2022.10.05"]
[SourceVersion "1"]
[SourceVersionDate "2022.10.05"]
[SourceQuality "1"]
[WhiteTeam "Remagen Sinzig"]
[BlackTeam "Siegburg"]
[WhiteTeamCountry "GER"]
[BlackTeamCountry "GER"]

1. Nf3 c5 2. c4 Nf6 3. g3 b6 4. Bg2 Bb7 5. 0-0 e6 6. b3 Be7 7. Bb2 0-0 8. e3 d6 9. Qe2 Nbd7 10. Nc3 Ne4 11. Nxe4 Bxe4 12. d3 Bb7 13. Nd2 Bxg2 14. Kxg2 Nf6 15. Nf3 1/2-1/2

[Event "EU-Cup Online Gr-H"]
[Site "Tornelo INT"]
[Date "2021.03.28"]
[Round "5.4"]
[White "Brodsky, Michail"]
[Black "Arndt, Magnus"]
[Result "0-1"]
[WhiteElo "2524"]
[BlackElo "2282"]
[PlyCount "88"]
[EventDate "2021.03.27"]
[EventType "team-tourn (rapid)"]
[EventRounds "9"]
[EventCountry "NET"]
[SourceTitle "CBM 201 Extra"]
[Source "ChessBase"]
[SourceDate "2021.05.31"]
[SourceVersion "1"]
[SourceVersionDate "2021.05.31"]
[SourceQuality "1"]
[WhiteTeam "Greco Notary"]
[BlackTeam "Kiel Doppelbauer"]
[WhiteTeamCountry "UKR"]
[BlackTeamCountry "GER"]

1. d4 Nf6 2. c4 e6 3. Nc3 Bb4 4. f3 d5 5. a3 Bxc3+ 6. bxc3 c5 7. cxd5 exd5 8. e3 0-0 9. Bd3 b6 10. Ne2 Ba6 11. 0-0 Bxd3 12. Qxd3 Re8 13. Ng3 Nc6 14. Bb2 Rc8 15. Rae1 Qd7 16. e4 cxd4 17. cxd4 dxe4 18. fxe4 Ne5 19. Qd1 Nc4 20. Bc1 Rcd8 21. e5 Nd5 22. Qd3 b5 23. Rd1 Re6 24. Ne4 Rg6 25. Qf3 h6 26. h4 a5 27. h5 Rb6 28. Nc5 Qe7 29. Rde1 Nc7 30. Re4 Ne6 31. Nxe6 Qxe6 32. Rg4 Qd5 33. Qg3 Kh8 34. Kh1 Rg8 35. Qf2 b4 36. axb4 axb4 37. Rf4 b3 38. Bb2 Ra6 39. Rxf7 Ra2 40. Qg3 Rxb2 41. Qg6 Ne3 42. Rxg7 Qxg2+ 43. Qxg2 Rxg2 44. Rb7 Nxf1 0-1

[Event "UKR-chT"]
[Site "Chornomorsk"]
[Date "2019.05.27"]
[Round "8.1"]
[White "Brodsky, Michail"]
[Black "Molchanov, Nikolay"]
[Result "1/2-1/2"]
[WhiteElo "2535"]
[BlackElo "2096"]
[PlyCount "103"]
[EventDate "2019.05.20"]
[EventType "team-tourn"]
[EventRounds "9"]
[EventCountry "UKR"]
[SourceTitle "CBM 190 Extra"]
[Source "ChessBase"]
[SourceDate "2019.07.15"]
[SourceVersion "1"]
[SourceVersionDate "2019.07.15"]
[SourceQuality "1"]
[WhiteTeam "Kharkov Law Academy"]
[BlackTeam "Odesa Shaman"]
[WhiteTeamCountry "UKR"]
[BlackTeamCountry "UKR"]

1. d4 d5 2. c4 e6 3. Nc3 Be7 4. cxd5 exd5 5. Bf4 c6 6. Qc2 Na6 7. a3 Nf6 8. e3 Nc7 9. Bd3 Ne6 10. Be5 Bd6 11. f4 Ng4 12. Bxd6 Qxd6 13. Qe2 Nf6 14. Nf3 0-0 15. f5 Nc7 16. 0-0 Re8 17. Rae1 Re7 18. Ne5 Nce8 19. g4 Nd7 20. Nf3 c5 21. e4 Nc7 22. e5 Qh6 23. Qf2 cxd4 24. Qxd4 Qb6 25. Qxb6 Nxb6 26. Kf2 Bd7 27. Re2 Rae8 28. Rfe1 Bc6 29. g5 g6 30. Nd4 Nd7 31. Nf3 gxf5 32. Bxf5 Ne6 33. Kg3 Ndc5 34. Bxe6 Rxe6 35. Rd1 d4 36. Rxd4 Bxf3 37. Kxf3 Rxe5 38. Rxe5 Rxe5 39. h4 Kg7 40. b4 Ne6 41. Rd7 a5 42. Rxb7 axb4 43. axb4 Rf5+ 44. Kg3 Re5 45. Nd1 Kg6 46. b5 Re1 47. Rd7 Re5 48. b6 Rb5 49. b7 Rb3+ 50. Kg2 Kh5 51. Rxf7 Kxh4 52. Rxh7+ 1/2-1/2

[Event "EU-Cup 32nd"]
[Site "Novi Sad"]
[Date "2016.11.09"]
[Round "4.6"]
[White "Nedev, Trajce"]
[Black "Brodsky, Michail"]
[Result "0-1"]
[WhiteElo "2480"]
[BlackElo "2523"]
[PlyCount "122"]
[EventDate "2016.11.06"]
[EventType "team-swiss"]
[EventRounds "7"]
[EventCountry "SRB"]
[SourceTitle "CBM 176"]
[Source "ChessBase"]
[SourceDate "2017.01.17"]
[SourceVersion "1"]
[SourceVersionDate "2017.01.17"]
[SourceQuality "1"]
[WhiteTeam "Alkaloid"]
[BlackTeam "Zhiguli"]
[WhiteTeamCountry "MKD"]
[BlackTeamCountry "RUS"]

1. e4 c5 2. Nf3 Nc6 3. Bb5 g6 4. Bxc6 bxc6 5. 0-0 Bg7 6. Re1 Nf6 7. e5 Nd5 8. c4 Nc7 9. Nc3 0-0 10. d4 cxd4 11. Qxd4 Ne6 12. Qh4 f6 13. Ne4 d5 14. exd6 exd6 15. Rd1 f5 16. Neg5 h6 17. Nxe6 Bxe6 18. Qg3 g5 19. Nxg5 hxg5 20. Bxg5 Qb6 21. Rxd6 Qxb2 22. Rad1 Rae8 23. Rxc6 Qe2 24. Qf3 Bxc4 25. Qxe2 Bxe2 26. Rdc1 Bb5 27. R6c2 Re6 28. h4 a6 29. a3 Rfe8 30. Kh2 Bf8 31. Rc3 Bd6+ 32. g3 Re1 33. Kg2 Rxc1 34. Bxc1 Kf7 35. Be3 Be5 36. Rc5 Ke6 37. h5 Bd6 38. Rc3 Kd7 39. Bd4 Bf8 40. Be3 Re6 41. Bf4 Bc6+ 42. Kh3 Re1 43. Rc1 Re6 44. Rc3 Re1 45. Rc1 Rxc1 46. Bxc1 Ke6 47. h6 Kf7 48. g4 fxg4+ 49. Kxg4 Be4 50. f3 Bc2 51. Kg5 Ke6 52. Bb2 Be7+ 53. Kg4 Bc5 54. Kg5 Be3+ 55. f4 Bc5 56. a4 Be7+ 57. Kg4 Bf5+ 58. Kf3 Kd5 59. Be5 Bd8 60. Ke3 Kc4 61. Bd6 a5 0-1

[Event "EU-Cup 32nd"]
[Site "Novi Sad"]
[Date "2016.11.07"]
[Round "2.6"]
[White "Brodsky, Michail"]
[Black "Vujacic, Borivoje"]
[Result "1-0"]
[WhiteElo "2523"]
[BlackElo "2240"]
[PlyCount "81"]
[EventDate "2016.11.06"]
[EventType "team-swiss"]
[EventRounds "7"]
[EventCountry "SRB"]
[SourceTitle "CBM 176"]
[Source "ChessBase"]
[SourceDate "2017.01.17"]
[SourceVersion "1"]
[SourceVersionDate "2017.01.17"]
[SourceQuality "1"]
[WhiteTeam "Zhiguli"]
[BlackTeam "Crvena Zvezda"]
[WhiteTeamCountry "RUS"]
[BlackTeamCountry "SRB"]

1. Nf3 Nf6 2. c4 g6 3. Nc3 d5 4. cxd5 Nxd5 5. Qb3 Nb6 6. d4 Bg7 7. e4 0-0 8. Be3 c6 9. Rd1 Bg4 10. Be2 N8d7 11. a4 Qc7 12. 0-0 e5 13. a5 Nc8 14. d5 Nd6 15. dxc6 bxc6 16. Qa3 Ne8 17. h3 Bxf3 18. Bxf3 Nef6 19. Rc1 Rfe8 20. Qa4 Rab8 21. b4 Qb7 22. Na2 Rbc8 23. a6 Qa8 24. Rc3 Rc7 25. Rfc1 Rec8 26. b5 c5 27. Qa5 Bf8 28. Nb4 Nb8 29. Bg5 Nbd7 30. Nc6 Rxc6 31. bxc6 Qxc6 32. Rb1 Nb6 33. Qb5 Qe6 34. Rd1 h6 35. Be3 Kg7 36. Bxc5 Kg8 37. Rcc1 Nbd7 38. Bxa7 Ra8 39. Rc7 Bd6 40. Rc6 Rxa7 41. Rdxd6 1-0

[Event "Chigorin Memorial 24th"]
[Site "St Petersburg"]
[Date "2016.10.22"]
[Round "8"]
[White "Brodsky, Michail"]
[Black "Sergienko, Sergey"]
[Result "1/2-1/2"]
[WhiteElo "2524"]
[BlackElo "2361"]
[PlyCount "99"]
[EventDate "2016.10.15"]
[EventType "swiss"]
[EventRounds "9"]
[EventCountry "RUS"]
[SourceTitle "CBM 175 Extra"]
[Source "ChessBase"]
[SourceDate "2016.12.12"]
[SourceVersion "1"]
[SourceVersionDate "2016.12.12"]
[SourceQuality "1"]

1. d4 Nf6 2. c4 e6 3. Nf3 Nc6 4. a3 d6 5. Nc3 g6 6. g3 Bg7 7. Bg2 0-0 8. 0-0 Na5 9. b3 d5 10. c5 b6 11. b4 Nc4 12. Nd2 Nxd2 13. Bxd2 c6 14. Rc1 Nd7 15. Be3 bxc5 16. dxc5 Ba6 17. f4 Bc4 18. Ne4 a5 19. Nd6 Ba6 20. Qd2 axb4 21. axb4 Nf6 22. Rfe1 Ne8 23. Bf2 Nxd6 24. cxd6 Bb5 25. Bc5 Qd7 26. e4 dxe4 27. Bxe4 Ra6 28. Red1 Rfa8 29. Qf2 Ra2 30. Rd2 R2a4 31. h4 h5 32. Kh2 R8a6 33. Qg2 Ra3 34. Bd4 Bxd4 35. Rxd4 Ra2 36. Rc2 Ra1 37. Qd2 R6a3 38. Bg2 Ba4 39. Rb2 Bb3 40. f5 exf5 41. Qg5 Bd5 42. Bxd5 cxd5 43. Rxd5 f4 44. Qxf4 Rh1+ 45. Kxh1 Qh3+ 46. Kg1 Rxg3+ 47. Qxg3 Qxg3+ 48. Rg2 Qe1+ 49. Kh2 Qxh4+ 50. Kg1 1/2-1/2

[Event "Chigorin Memorial 24th"]
[Site "St Petersburg"]
[Date "2016.10.16"]
[Round "2"]
[White "Brodsky, Michail"]
[Black "Khakimov, Timur"]
[Result "1-0"]
[WhiteElo "2524"]
[BlackElo "2281"]
[PlyCount "55"]
[EventDate "2016.10.15"]
[EventType "swiss"]
[EventRounds "9"]
[EventCountry "RUS"]
[SourceTitle "CBM 175 Extra"]
[Source "ChessBase"]
[SourceDate "2016.12.12"]
[SourceVersion "1"]
[SourceVersionDate "2016.12.12"]
[SourceQuality "1"]

1. d4 d5 2. c4 Bf5 3. Nc3 e6 4. e3 Nf6 5. Nf3 Nc6 6. cxd5 exd5 7. Bb5 Bd6 8. Ne5 Bxe5 9. dxe5 Nd7 10. Qxd5 0-0 11. 0-0 Be6 12. Qd1 Ndxe5 13. f4 Ng4 14. Qf3 Nf6 15. Bxc6 Bg4 16. Qg3 bxc6 17. e4 Bh5 18. e5 Nd5 19. f5 Nxc3 20. bxc3 f6 21. Bh6 Qe7 22. Rae1 Kh8 23. exf6 Qxf6 24. Bg5 Qd6 25. Qh4 Bf7 26. Be7 Qd2 27. Bxf8 Rxf8 28. Qe7 1-0

[Event "Chigorin Memorial 24th"]
[Site "St Petersburg"]
[Date "2016.10.15"]
[Round "1"]
[White "Protopopova, Anastasiya"]
[Black "Brodsky, Michail"]
[Result "0-1"]
[WhiteElo "2082"]
[BlackElo "2524"]
[PlyCount "64"]
[EventDate "2016.10.15"]
[EventType "swiss"]
[EventRounds "9"]
[EventCountry "RUS"]
[SourceTitle "CBM 175 Extra"]
[Source "ChessBase"]
[SourceDate "2016.12.12"]
[SourceVersion "1"]
[SourceVersionDate "2016.12.12"]
[SourceQuality "1"]

1. Nf3 Nf6 2. c4 b6 3. g3 Bb7 4. Bg2 e6 5. 0-0 Be7 6. Nc3 0-0 7. Re1 d5 8. cxd5 Nxd5 9. e4 Nxc3 10. bxc3 Nc6 11. d4 Na5 12. Ne5 Bd6 13. Bf4 Qe8 14. Qg4 f6 15. Nd3 e5 16. Bh6 Qf7 17. Bd2 Rad8 18. Rad1 Bc8 19. Qe2 Qxa2 20. f4 Ba6 21. Bf1 Qe6 22. Qf3 Bc4 23. Be3 Qe7 24. Ra1 Kh8 25. Bf2 c6 26. Qh5 Bf7 27. Qh4 Qc7 28. Bh3 Be7 29. Qg4 exd4 30. cxd4 Nb3 31. Rad1 Nxd4 32. e5 f5 0-1

[Event "RUS-chT 23rd"]
[Site "Sochi"]
[Date "2016.05.10"]
[Round "10.4"]
[White "Dubov, Daniil"]
[Black "Brodsky, Michail"]
[Result "1-0"]
[WhiteElo "2644"]
[BlackElo "2544"]
[PlyCount "87"]
[EventDate "2016.05.01"]
[EventType "team-tourn"]
[EventRounds "10"]
[EventCountry "RUS"]
[SourceTitle "CBM 173"]
[Source "ChessBase"]
[SourceDate "2016.07.12"]
[SourceVersion "1"]
[SourceVersionDate "2016.07.12"]
[SourceQuality "1"]
[WhiteTeam "Moscow Legacy Square"]
[BlackTeam "Samara Zhiguli"]
[WhiteTeamCountry "RUS"]
[BlackTeamCountry "RUS"]

1. c4 Nf6 2. Nc3 c5 3. Nf3 e6 4. g3 b6 5. Bg2 Bb7 6. 0-0 Be7 7. d4 cxd4 8. Qxd4 0-0 9. Rd1 Nc6 10. Qf4 Qb8 11. Qd2 Rd8 12. Qe1 d5 13. cxd5 Nxd5 14. Nxd5 exd5 15. Bf4 Qc8 16. Rac1 Qf5 17. Qf1 Bf6 18. Bc7 Rf8 19. Rd2 g5 20. Qd1 Qd7 21. e4 Nb4 22. e5 Be7 23. Nd4 Na6 24. Qh5 f5 25. Bd6 Kh8 26. Nf3 Qe8 27. Qh6 Rg8 28. Qe6 Bxd6 29. Qf6+ Rg7 30. exd6 Qd8 31. Qe5 Qd7 32. Nxg5 Re8 33. Qf6 Kg8 34. Bxd5+ Bxd5 35. Rxd5 Rg6 36. Qxf5 Qxf5 37. Rxf5 Rxd6 38. Nf3 Rd7 39. Rg5+ Kf8 40. Rc4 Nc5 41. Rf4+ Rf7 42. Rgf5 Rxf5 43. Rxf5+ Kg7 44. Re5 1-0

[Event "Rubinstein Memorial 51st"]
[Site "Polanica Zdroj"]
[Date "2015.08.27"]
[Round "6"]
[White "Sivuk, Vitaly"]
[Black "Brodsky, Michail"]
[Result "1-0"]
[WhiteElo "2479"]
[BlackElo "2540"]
[PlyCount "137"]
[EventDate "2015.08.22"]
[EventType "tourn"]
[EventRounds "9"]
[EventCountry "POL"]
[EventCategory "9"]
[SourceTitle "EXT 2016"]
[Source "ChessBase"]
[SourceDate "2015.10.08"]
[SourceVersion "1"]
[SourceVersionDate "2015.10.08"]
[SourceQuality "1"]

1. d4 Nf6 2. c4 e6 3. Nf3 b6 4. g3 Bb7 5. Bg2 Be7 6. 0-0 0-0 7. Re1 Na6 8. Nc3 Ne4 9. Bf4 Nxc3 10. bxc3 Be4 11. Bf1 c5 12. Nd2 Bb7 13. e4 cxd4 14. cxd4 d6 15. h4 Bf6 16. Be3 e5 17. d5 Bc8 18. Kh2 Qc7 19. Bh3 Nc5 20. Qc2 Bxh3 21. Kxh3 Qd7+ 22. Kg2 Rfc8 23. a4 Bd8 24. f3 Rab8 25. Reb1 Rb7 26. Rb5 a6 27. Rb4 h5 28. Qb1 Rcb8 29. Ra2 g6 30. Qc2 Kg7 31. Nb1 Qc8 32. Rab2 Nd7 33. Qe2 Nc5 34. Nc3 Nd7 35. Nb1 Nc5 36. Qd1 Nd7 37. Na3 Nc5 38. Bf2 f5 39. exf5 gxf5 40. Nc2 Bf6 41. Rb1 a5 42. Bxc5 axb4 43. Bxd6 Ra8 44. Qe2 Rxa4 45. Bxe5 Ra2 46. Bxf6+ Kxf6 47. Rxb4 Qf8 48. Rb3 Qd6 49. Kh3 Re7 50. Qd2 Rg7 51. f4 Kf7 52. Qe2 Qg6 53. Qe6+ Qxe6 54. dxe6+ Kg6 55. Nd4 Rd2 56. Nc6 Re2 57. e7 Kf6 58. Nd4 Rgxe7 59. Rxb6+ Kf7 60. Nxe2 Rxe2 61. Rh6 Rc2 62. Rxh5 Kg6 63. Rg5+ Kf6 64. h5 Rxc4 65. Rg6+ Kf7 66. Kh4 Rc3 67. Rb6 Ra3 68. h6 Kg8 69. Rb5 1-0

[Event "Rubinstein Memorial 51st"]
[Site "Polanica Zdroj"]
[Date "2015.08.22"]
[Round "1"]
[White "Brodsky, Michail"]
[Black "Klekowski, Maciej"]
[Result "1/2-1/2"]
[WhiteElo "2540"]
[BlackElo "2490"]
[PlyCount "53"]
[EventDate "2015.08.22"]
[EventType "tourn"]
[EventRounds "9"]
[EventCountry "POL"]
[EventCategory "9"]
[SourceTitle "EXT 2016"]
[Source "ChessBase"]
[SourceDate "2015.10.08"]
[SourceVersion "1"]
[SourceVersionDate "2015.10.08"]
[SourceQuality "1"]

1. d4 Nf6 2. c4 e6 3. Nf3 b6 4. g3 Bb4+ 5. Bd2 Bxd2+ 6. Qxd2 Ba6 7. b3 d5 8. Bg2 0-0 9. 0-0 Qd6 10. Rc1 Nbd7 11. cxd5 exd5 12. Nc3 Rfe8 13. e3 Rad8 14. a4 c5 15. Nb5 Qb8 16. dxc5 Ne4 17. Qb4 bxc5 18. Qa5 Bxb5 19. axb5 Ndf6 20. b4 c4 21. Nd4 Rd7 22. Bh3 Rb7 23. Nc6 Qd6 24. Qa6 Qc7 25. Qa5 Qd6 26. Qa6 Qc7 27. Qa5 1/2-1/2

[Event "Voronezh op-A 19th"]
[Site "Voronezh"]
[Date "2015.06.19"]
[Round "8"]
[White "Ulko, Jaroslav"]
[Black "Brodsky, Michail"]
[Result "0-1"]
[WhiteElo "2460"]
[BlackElo "2564"]
[PlyCount "80"]
[EventDate "2015.06.12"]
[EventType "swiss"]
[EventRounds "9"]
[EventCountry "RUS"]
[SourceTitle "CBM 167 Extra"]
[Source "ChessBase"]
[SourceDate "2015.09.14"]
[SourceVersion "1"]
[SourceVersionDate "2015.09.14"]
[SourceQuality "1"]

1. d4 Nf6 2. c4 e6 3. Nf3 c5 4. d5 d6 5. Nc3 exd5 6. cxd5 g6 7. e4 a6 8. h3 b5 9. Bd3 Bg7 10. a3 0-0 11. 0-0 Re8 12. Re1 Nbd7 13. Bf4 Qb6 14. Qd2 c4 15. Bc2 Bb7 16. Rad1 Nc5 17. e5 dxe5 18. Bxe5 Ncd7 19. Bf4 Rxe1+ 20. Rxe1 Re8 21. Ne5 Nxe5 22. Bxe5 Qc5 23. Bxf6 Rxe1+ 24. Qxe1 Bxf6 25. Qe8+ Kg7 26. Be4 Qd6 27. Bf3 Bxc3 28. bxc3 Bxd5 29. Bxd5 Qxd5 30. Qe7 Qe6 31. Qa7 Qe1+ 32. Kh2 Qxc3 33. Qxa6 Qe5+ 34. Kg1 Qc5 35. a4 b4 36. Kh2 c3 37. Qf1 c2 38. Qc1 Qc3 39. a5 b3 40. a6 b2 0-1

[Event "Voronezh op-A 19th"]
[Site "Voronezh"]
[Date "2015.06.17"]
[Round "6"]
[White "Najdin, Danil"]
[Black "Brodsky, Michail"]
[Result "0-1"]
[WhiteElo "2301"]
[BlackElo "2564"]
[PlyCount "68"]
[EventDate "2015.06.12"]
[EventType "swiss"]
[EventRounds "9"]
[EventCountry "RUS"]
[SourceTitle "CBM 167 Extra"]
[Source "ChessBase"]
[SourceDate "2015.09.14"]
[SourceVersion "1"]
[SourceVersionDate "2015.09.14"]
[SourceQuality "1"]

1. e4 c5 2. Nf3 d6 3. Bb5+ Nd7 4. a4 Ngf6 5. Nc3 g6 6. 0-0 Bg7 7. Re1 0-0 8. d4 cxd4 9. Nxd4 Nc5 10. f3 a6 11. Bf1 e5 12. Nde2 b6 13. Be3 Be6 14. b4 Nb7 15. Nd5 Nxd5 16. exd5 Bd7 17. c3 Qc7 18. Qb3 f5 19. f4 Kh8 20. g3 Rfc8 21. Rec1 a5 22. Bg2 b5 23. fxe5 bxa4 24. Qd1 dxe5 25. d6 Nxd6 26. Bxa8 Rxa8 27. Ra2 Bc6 28. b5 Bxb5 29. c4 Bc6 30. c5 Ne4 31. Nc3 Rd8 32. Qe1 Nxc3 33. Qxc3 f4 34. gxf4 exf4 0-1

[Event "Voronezh op-A 19th"]
[Site "Voronezh"]
[Date "2015.06.15"]
[Round "4"]
[White "Schepetkova, Margarita"]
[Black "Brodsky, Michail"]
[Result "0-1"]
[WhiteElo "2223"]
[BlackElo "2564"]
[PlyCount "98"]
[EventDate "2015.06.12"]
[EventType "swiss"]
[EventRounds "9"]
[EventCountry "RUS"]
[SourceTitle "CBM 167 Extra"]
[Source "ChessBase"]
[SourceDate "2015.09.14"]
[SourceVersion "1"]
[SourceVersionDate "2015.09.14"]
[SourceQuality "1"]

1. d4 Nf6 2. c4 e6 3. Nc3 Bb4 4. e3 0-0 5. Nge2 c6 6. a3 Ba5 7. Qc2 d5 8. Ng3 Nbd7 9. Be2 dxc4 10. Bxc4 e5 11. 0-0 g6 12. Ba2 Qe7 13. Bd2 Bc7 14. Rad1 a5 15. h3 Nb6 16. Rfe1 Be6 17. Bxe6 Qxe6 18. dxe5 Qxe5 19. e4 Rfd8 20. f4 Rxd2 21. Qxd2 Qxf4 22. Qxf4 Bxf4 23. Nh1 Nc4 24. Re2 Be5 25. Rd3 Kf8 26. g3 Ke7 27. Nf2 Nd7 28. Kg2 Nc5 29. Rf3 Ne6 30. Ng4 Nd4 31. b3 Nxf3 32. Kxf3 h5 33. Nxe5 Nxe5+ 34. Kf4 f6 35. Rd2 Rd8 36. Rxd8 Kxd8 37. Ke3 Kc7 38. Ne2 Kd6 39. Nc3 b5 40. a4 Kc5 41. axb5 cxb5 42. Nd5 f5 43. Ne7 fxe4 44. Kxe4 a4 45. bxa4 bxa4 46. Kxe5 a3 47. Nxg6 a2 48. Kf5 a1Q 49. Kg5 Qc3 0-1

[Event "Voronezh op-A 19th"]
[Site "Voronezh"]
[Date "2015.06.12"]
[Round "1"]
[White "Brodsky, Michail"]
[Black "Ageichenko, Genadi A"]
[Result "1/2-1/2"]
[WhiteElo "2564"]
[BlackElo "2265"]
[PlyCount "87"]
[EventDate "2015.06.12"]
[EventType "swiss"]
[EventRounds "9"]
[EventCountry "RUS"]
[SourceTitle "CBM 167 Extra"]
[Source "ChessBase"]
[SourceDate "2015.09.14"]
[SourceVersion "1"]
[SourceVersionDate "2015.09.14"]
[SourceQuality "1"]

1. Nf3 d5 2. c4 c6 3. d4 Nf6 4. e3 Bf5 5. Nc3 e6 6. Nh4 Bg6 7. Nxg6 hxg6 8. Bd3 Nbd7 9. h3 Bd6 10. 0-0 Qe7 11. c5 Bc7 12. f4 Ba5 13. a3 Bxc3 14. bxc3 Ne4 15. Bxe4 dxe4 16. Rb1 Nf6 17. Rf2 0-0 18. c4 Rfd8 19. Qc2 Qc7 20. a4 b6 21. Ba3 Rab8 22. Rff1 Rb7 23. Rb3 Rdb8 24. Rfb1 bxc5 25. Rxb7 Rxb7 26. Rxb7 Qxb7 27. Bxc5 Kh7 28. a5 Kh6 29. Qa2 Qa6 30. Bb4 g5 31. fxg5+ Kxg5 32. Be1 Kg6 33. Qc2 Kh7 34. g4 Kg8 35. Qb3 Nd7 36. Qb4 Nf6 37. Bg3 Qc8 38. Kg2 Nd7 39. Bd6 f5 40. Bf4 fxg4 41. Qe7 gxh3+ 42. Kxh3 Nf8 43. Kg3 Qd7 44. Qg5 1/2-1/2

[Event "RUS-chT blitz"]
[Site "Sochi"]
[Date "2015.05.10"]
[Round "7.16"]
[White "Brodsky, Michail"]
[Black "Khismatullin, Denis Rimovich"]
[Result "0-1"]
[WhiteElo "2555"]
[BlackElo "2666"]
[PlyCount "100"]
[EventDate "2015.05.10"]
[EventType "team-swiss (blitz)"]
[EventRounds "11"]
[EventCountry "RUS"]
[SourceTitle "CBM 166 Extra"]
[Source "ChessBase"]
[SourceDate "2015.06.18"]
[SourceVersion "1"]
[SourceVersionDate "2015.06.18"]
[SourceQuality "1"]
[WhiteTeam "Samara Ladya"]
[BlackTeam "Sverdlovsk Region Malakhit"]
[WhiteTeamCountry "RUS"]
[BlackTeamCountry "RUS"]

1. d4 Nf6 2. c4 e6 3. Nf3 d5 4. Nc3 Nbd7 5. Bg5 c6 6. cxd5 exd5 7. e3 h6 8. Bh4 g5 9. Bg3 Nh5 10. Bd3 Nxg3 11. hxg3 Bg7 12. Qc2 Nb6 13. 0-0-0 Be6 14. Kb1 Qe7 15. Ne5 0-0-0 16. f4 Kb8 17. Na4 Nxa4 18. Qxa4 Rhe8 19. Rc1 Rc8 20. Rhe1 f6 21. Nf3 Bf8 22. a3 Qg7 23. f5 Bg8 24. Nd2 Qc7 25. Nf1 h5 26. Rc3 Bd6 27. Rb3 Ka8 28. Rc1 Bh7 29. Ka1 Qd7 30. Rbc3 Bxf5 31. Qc2 Bxd3 32. Qxd3 Re4 33. Nd2 Rg4 34. Qg6 Rxg3 35. Qxf6 Rxg2 36. Nb3 Qe7 37. Qg6 Bxa3 38. R3c2 Rxc2 39. Rxc2 Bd6 40. Qxh5 Qxe3 41. Ka2 a6 42. Qg4 Rd8 43. Re2 Qd3 44. Qxg5 Rf8 45. Re6 Bb4 46. Qe5 Qb5 47. Nc1 Ka7 48. Re8 Rxe8 49. Qxe8 Qc4+ 50. Nb3 a5 0-1

[Event "RUS-chT blitz"]
[Site "Sochi"]
[Date "2015.05.10"]
[Round "4.20"]
[White "Romanenkov, Aleksandr"]
[Black "Brodsky, Michail"]
[Result "0-1"]
[WhiteElo "2105"]
[BlackElo "2555"]
[PlyCount "52"]
[EventDate "2015.05.10"]
[EventType "team-swiss (blitz)"]
[EventRounds "11"]
[EventCountry "RUS"]
[SourceTitle "CBM 166 Extra"]
[Source "ChessBase"]
[SourceDate "2015.06.18"]
[SourceVersion "1"]
[SourceVersionDate "2015.06.18"]
[SourceQuality "1"]
[WhiteTeam "Smolensk Region VOS"]
[BlackTeam "Samara Ladya"]
[WhiteTeamCountry "RUS"]
[BlackTeamCountry "RUS"]

1. d4 Nf6 2. c4 e6 3. Nf3 b6 4. Nc3 Bb7 5. e3 d5 6. Bd3 Bd6 7. 0-0 Nbd7 8. b3 0-0 9. Bb2 dxc4 10. Bxc4 a6 11. Rc1 b5 12. Bd3 c5 13. dxc5 Nxc5 14. Bb1 Qe7 15. Qe2 Nce4 16. Nxe4 Nxe4 17. Rfd1 Rfd8 18. Rd3 Ng5 19. Nxg5 Qxg5 20. e4 Be5 21. Rdd1 h5 22. Bxe5 Qxe5 23. h3 Rac8 24. Rxd8+ Rxd8 25. Re1 h4 26. Qe3 Qb2 0-1

[Event "RUS-chT rapid"]
[Site "Sochi"]
[Date "2015.05.08"]
[Round "3.8"]
[White "Palchun, Grigory"]
[Black "Brodsky, Michail"]
[Result "0-1"]
[WhiteElo "2288"]
[BlackElo "2555"]
[PlyCount "80"]
[EventDate "2015.05.08"]
[EventType "team-swiss"]
[EventRounds "9"]
[EventCountry "RUS"]
[SourceTitle "CBM 166 Extra"]
[Source "ChessBase"]
[SourceDate "2015.06.18"]
[SourceVersion "1"]
[SourceVersionDate "2015.06.18"]
[SourceQuality "1"]
[WhiteTeam "St Petersburg Hilti"]
[BlackTeam "Samara Ladya"]
[WhiteTeamCountry "RUS"]
[BlackTeamCountry "RUS"]

1. d4 Nf6 2. Nf3 e6 3. Bf4 b6 4. e3 Bb7 5. h3 Be7 6. Nbd2 c5 7. c3 cxd4 8. exd4 Nc6 9. Bd3 0-0 10. 0-0 Nd5 11. Bh2 Rc8 12. Nc4 d6 13. Ne3 Na5 14. Qe2 Re8 15. Nd2 Nf6 16. Ba6 Bxa6 17. Qxa6 Qd7 18. Ndc4 Nxc4 19. Nxc4 b5 20. Ne3 Rb8 21. Qa3 d5 22. Qb3 Rb6 23. a3 a5 24. f4 Ne4 25. Qc2 f5 26. g4 g6 27. Kh1 Kh8 28. Nd1 Bh4 29. g5 h6 30. gxh6 Qh7 31. Rf3 Qxh6 32. Bg1 Rg8 33. Be3 Rb7 34. a4 g5 35. fxg5 Bxg5 36. Qh2 bxa4 37. h4 Bxe3 38. Nxe3 Rbg7 39. Nf1 Rg4 40. h5 Qg5 0-1

[Event "Sochi Tseshkovsky Memorial op"]
[Site "Sochi"]
[Date "2014.09.20"]
[Round "4"]
[White "Brodsky, Michail"]
[Black "Simantsev, Mikhail"]
[Result "1/2-1/2"]
[WhiteElo "2566"]
[BlackElo "2443"]
[PlyCount "55"]
[EventDate "2014.09.17"]
[EventType "swiss"]
[EventRounds "9"]
[EventCountry "RUS"]
[SourceTitle "CBM 162 Extra"]
[Source "ChessBase"]
[SourceDate "2014.10.17"]
[SourceVersion "1"]
[SourceVersionDate "2014.10.17"]
[SourceQuality "1"]

1. d4 Nf6 2. c4 e6 3. Nf3 b6 4. g3 Bb7 5. Bg2 Be7 6. Nc3 Ne4 7. Bd2 c5 8. d5 exd5 9. cxd5 Nxd2 10. Nxd2 d6 11. 0-0 0-0 12. Qc2 Nd7 13. Rfe1 a6 14. a4 Qc7 15. Rac1 Rab8 16. Bf1 Rfe8 17. e4 Bf6 18. Kg2 Re7 19. f3 Rbe8 20. Nc4 g6 21. Qd2 Ne5 22. Ne3 Bg7 23. Be2 Nd7 24. Nc4 Ne5 25. Ne3 Nd7 26. Ng4 Ne5 27. Nf2 c4 28. Ncd1 1/2-1/2